| 000 | 01482nam a2200337 a 4500 | ||
|---|---|---|---|
| 999 |
_c172081 _d172081 |
||
| 003 | BLK | ||
| 005 | 20250620124245.0 | ||
| 008 | 180411b bul|||||r ||||||| ||bul|| | ||
| 010 | _aKNG00180381000 | ||
| 020 | _a978-954-8311-50-2 | ||
| 040 | _aBLK | ||
| 041 |
_aBUL _cBUL |
||
| 072 | 7 |
_2bullib _aН83 _xЧужда художествена литература Н |
|
| 080 |
_aФренска литература _b821.133.1 _x-32 _z821.133.1-32 |
||
| 100 |
_aШмит, Ерик-Еманюел _9284862 |
||
| 139 |
_aШмит, Ерик-Еманюел _bШ 78 |
||
| 245 | 1 | 0 |
_aДесетте деца, които госпожа Мин никога не беше имала _cЕрик-Еманюел Шмит; прев. от фр. Зорница Китинска. |
| 250 | _a3. изд. | ||
| 257 | _aFRA | ||
| 260 |
_aСофия _bЛеге Артис _c2014 _fСофия : Артграф |
||
| 300 |
_a102 с. _c19 см |
||
| 380 | _aX | ||
| 490 |
_aБезкрайна проза _9201293 |
||
| 500 | _aЦикъл "Кръговрат на незримото". - Ориг. загл.: Les dix enfans que Madame Ming n'a jamais eus / Eric-Еmmanuel Schmitt. - Без данни за 1. изд. | ||
| 700 | 1 |
_aКитинска, Зорница Стефанова _eпрев. от фр. _979412 |
|
| 852 | _aЦб 276226 | ||
| 856 | 4 |
_qpdf _i0.00 _ldisable |
|
| 856 | 4 |
_qpdf _i0.00 _ldisable |
|
| 942 |
_cKNG _n0 _s1 _04 |
||
| 944 |
_aCR _c26.08.2015 _k30530 _lМинев Младен |
||